Pharmacotherapy a Pathophisiologic approach / (Registro nro. 494)
[ vista simple ]
| 000 -LEADER | |
|---|---|
| fixed length control field | 00677Nam#a2200193#a#4500 |
| 005 - FECHA ULTIMA MODIFICACION | |
| control field | 20131129095244.0 |
| 008 - CAMPO DE CONTROL (LIBRO) | |
| fixed length control field | 100707s2005||||xxu|||||||||||||||||eng d |
| 041 ## - CODIGO DE IDIOMA | |
| Código de idioma del texto/pista de sonido o título separado | eng |
| 082 ## - DEWEY DECIMAL CLASSIFICATION NUMBER | |
| Classification number | 615 |
| Edition number | 6a ed. |
| 092 ## - SIGNATURA TOPOGRAFICA DEWEY LOCAL | |
| número de clasificación | 615 |
| Classification number | DIP |
| libristica | 16 |
| 100 ## - ENTRADA PRINCIPAL--NOMBRE PERSONAL | |
| Nombre personal | Di Piro, Joseph T. |
| 245 ## - TITULO PROPIAMENTE DICHO | |
| Título | Pharmacotherapy a Pathophisiologic approach / |
| Mención de responsabilidad y remanente de la transcripción de la portada | Jospeh T. Di Piro. |
| 250 ## - MENCION DE EDICION | |
| Mención de edición | 6a ed. |
| 260 ## - PIE DE IMPRENTA | |
| Lugar de publicación, distribución, etc | Estados Unidos : |
| Nombre de la editorial, distribuidor, etc | Mc Graw-Hill, |
| Fecha de publicación | 2005. |
| 653 ## - TÉRMINO INDIZADO - PALABRAS CLAVES | |
| Palabra clave | Farmacología |
| 930 ## - NUMERO DE INVENTARIO | |
| Número de inventario | 1289 |
| -- | 1 |
| 942 ## - ADDED ENTRY ELEMENTS (KOHA) | |
| Source of classification or shelving scheme | Dewey Decimal Classification |
| Item type | Libros |
| Estado de retiro | Existencia | Fuente de clasificación | Estado general | Uso restringido | No para prestamo | Ubicación permanente | ubicación actual | Sala de ubicación | Fecha de adquisición | Total Checkouts | Total Renewals | Número de clasificación | Código de barras | Date last seen | Date last borrowed | Número de ejemplar | Price effective from | Koha tipo de elemento (item) | Public note | Coded location qualifier |
|---|---|---|---|---|---|---|---|---|---|---|---|---|---|---|---|---|---|---|---|---|
| Dewey Decimal Classification | Restricted Access | Not For Loan | Biblioteca Medicina | Biblioteca Medicina | Circulación | 13/05/2011 | 3 | 4 | 615 16 DIP | 1289 | 27/02/2015 | 16/05/2012 | ej.1 | 13/05/2011 | Libros | Baja 2017. Devuelto por la catedra Julio 2015 (Caja 15) |